Music Quiz

Random Music or Kpop Quiz

My Favorite Kpop Boy Group Quiz Stats

 Plays Quiz not verified by Sporcle

Score 0/103 Timer 10:00
0 Plays Today
Hint Answer % Correct
BTS ♥️Rap Monster
99.6%
BTS ♥️Jungkook
95.4%
BTS ♥️Jin
95.3%
BTS ♥️Suga
94.6%
BTS ♥️J Hope ♥️
94.5%
BTS ♥️V
93.8%
BTS ♥️Jimin
93.7%
Got7JB ♥️
92.4%
Got7Mark
89.8%
Got7Jackson
88.2%
Got7Bambam
87.2%
Got7Jinyoung
86.5%
Got7Yugyeom
86.4%
Got7Youngjae
84.9%
BigBangG Dragon
83.1%
EXOSuho
82.6%
BigBangT.O.P
80.6%
BigBangTaeyang ♥️
78.6%
BigBangSeungri
78.4%
EXOXiumin
78.4%
EXOLu Han
78.4%
EXOKris
78.2%
EXOSehun
77.7%
BigBangDaesung
77.5%
SHINeeOnew
76.7%
iKONB.I
76.5%
SHINeeTaemin
76.3%
EXOTao
75.8%
SHINeeMinho
75.6%
Monsta XShownu ♥️
74.8%
EXOLay
74.8%
EXOBaekhyun
74.4%
SHINeeKey
73.9%
VixxN
73.9%
EXOChen
73.8%
Hint Answer % Correct
EXOKai ♥️
73.8%
EXOChanyeol
73.4%
EXOD.O
73.4%
SHINeeJonghyun ♥️
72.6%
Monsta XI.M
72%
VixxLeo ♥️
71%
iKONBobby
69.9%
VixxRavi
69.5%
Monsta XWonho
69.3%
VixxKen
69.2%
Monsta XMinhyuk
68.8%
InfiniteHoya
68.7%
VixxHyuk
68.3%
Monsta XKihyun
66.8%
InfiniteL
66.6%
BTOBSungjae ♥️
66.6%
Monsta XJooheon
66.1%
VixxHongbin
65.9%
InfiniteSunggyu
65.8%
Monsta XHyungwon
65.1%
BTOBEunkwang
62.9%
WinnerMino ♥️
62.3%
Nu'estRen
62%
B.A.PZelo
61.1%
Nu'estJR
60.8%
BTOBMinhyuk
60.7%
BTOBPeniel
60.4%
B.A.PYongguk ♥️
59.6%
iKONChanwoo
59.4%
iKONJunhoe
58.3%
WinnerTaehyun
58.3%
BTOBIlhoon
58.2%
iKONJinhwan
57.9%
InfiniteDongwoo
57.3%
InfiniteSungjong
56.9%
Hint Answer % Correct
InfiniteSungyeol
56.6%
B.A.PYoungjae
56.6%
Nu'estMinhyun
56.2%
InfiniteWoohyun ♥️
56.1%
B.A.PDaehyun
56.1%
BTOBChangsub
55.6%
Nu'estAron
55.4%
B.A.PHimchan
54.8%
WinnerJinwoo
54.8%
Nu'estBaekho ♥️
54.7%
WinnerSeungyoon
54.1%
iKONDonghyuk
53.9%
B.A.PJongup
53.9%
BTOBHyunsik
53.5%
WinnerSeunghoon
52.9%
iKONYunhyeong
52.2%
Wanna OneJisung
49.5%
HighlightYoseob
47.8%
HighlightDoojoon
47.1%
HighlightGikwang ♥️
46.4%
Wanna OneDaniel
46.4%
Wanna OneKuanlin
42.7%
HighlightDongwoon
42.2%
Wanna OneDaehwi
41.9%
HighlightJunhyung
41.7%
Wanna OneMinhyun
41.7%
HighlightHyunseung
39.3%
Wanna OneJihoon
39.3%
Wanna OneSungwoon ♥️
38.5%
Wanna OneJinyoung
37.4%
Wanna OneWoojin
36.4%
Wanna OneJaehwan
34.7%
Wanna OneSeongwu
33.7%

You're not logged in!

Compare scores with friends on all Sporcle quizzes.
OR
Log In

Sporcle TV

Today on Sporcle TV


Watch our educational content, quiz creation guides, and fun videos on Sporcle TV.

Show Comments

Extras

Top Quizzes Today


Score Distribution

Your Account Isn't Verified!

In order to create a playlist on Sporcle, you need to verify the email address you used during registration. Go to your Sporcle Settings to finish the process.

Report this User

Report this user for behavior that violates our Community Guidelines.

Details: